Die 7 Todsünden, Tugenden & Sakramente - Statistiken

Allgemein
  • Dieses Quiz wurde 160 mal gespielt
  • Das Durchschnittsergebnis liegt bei 9 aus 21
Antwortstatistiken
Art Antwort % Korrekt
Todsünde Neid
79%
Todsünde Völlerei
78%
Todsünde Unkeuschheit
72%
Todsünde Zorn
59%
Sakrament Ehe
57%
Sakrament Taufe
56%
Sakrament Krankensalbung
53%
Todsünde Hochmut
52%
Todsünde Trägheit
51%
Tugend Wohlwollen
51%
Sakrament Firmung
50%
Sakrament Eucharistie
46%
Todsünde Geiz
45%
Sakrament Priesterweihe
41%
Sakrament Buße
27%
Tugend Fleiß
24%
Tugend Geduld
24%
Tugend Keuschheit
23%
Tugend Demut
21%
Tugend Mäßigung
20%
Tugend Mildtätigkeit
16%
Keine übereinstimmenden Quizze gefunden
Verteilung der Resultate
Anzahl Personen mit jedem Resultat
Perzentil nach korrekt beantworteten Fragen
Ihre Resultats-Entwicklung
Sie haben dieses Quiz noch nicht gespielt